000 00469nam a2200193Ia 4500
005 20240823015427.0
008 240823s9999||||xx |||||||||||||| ||und||
020 _a81-86308-80-6
041 _aENGLISH
082 _A670.4 P1
100 _aSingh A K
245 0 _aWorkshop Technology Primer
250 _a1st
260 _c2001
_b"Standard Pub,"
_aDelhi
500 _aTransfered
650 _aWorkshop
_bAeronautical Engineering
942 _cBK
999 _c172395
_d172395